Variability of blazars (Record no. 10652)

MARC details
000 -LEADER
fixed length control field 01015nam a2200229Ia 4500
003 - CONTROL NUMBER IDENTIFIER
control field IN-BaIIA
008 - FIXED-LENGTH DATA ELEMENTS--GENERAL INFORMATION
fixed length control field 211028s9999 xx 000 0 eng d
020 ## - INTERNATIONAL STANDARD BOOK NUMBER
International Standard Book Number 0-521-41351-6
040 ## - CATALOGING SOURCE
Transcribing agency IIA Library
080 ## - UNIVERSAL DECIMAL CLASSIFICATION NUMBER
Universal Decimal Classification number 524.6-77(082.2)
Item number VAR
111 ## - MAIN ENTRY--MEETING NAME
Meeting name or jurisdiction name as entry element Conference in Honour of the 100th Anniversary of the Birth of Academician Yrjo Vaisala
Location of meeting Finland
Date of meeting or treaty signing 1991 Jan. 6-10
9 (RLIN) 18170
245 #0 - TITLE STATEMENT
Title Variability of blazars
Remainder of title proceedings of a conference in honour of the 100th anniversary of the birth of academician Yrjo Vaisala held in Tuorla Observatory,University of Turku, Finland, 6-10 Jan1991
Statement of responsibility, etc. edited by Esko Valtaoja and Valtonen, Mauri. ed
260 ## - PUBLICATION, DISTRIBUTION, ETC.
Place of publication, distribution, etc. Cambridge
Name of publisher, distributor, etc. Cambridge University Press
Date of publication, distribution, etc. 1992
300 ## - PHYSICAL DESCRIPTION
Extent 465p.
650 ## - SUBJECT ADDED ENTRY--TOPICAL TERM
Topical term or geographic name entry element Active galactic nuclei
9 (RLIN) 6209
650 ## - SUBJECT ADDED ENTRY--TOPICAL TERM
Topical term or geographic name entry element Astronomy and astrophysics thesaurus
650 ## - SUBJECT ADDED ENTRY--TOPICAL TERM
Topical term or geographic name entry element Blazars
9 (RLIN) 18171
650 ## - SUBJECT ADDED ENTRY--TOPICAL TERM
Topical term or geographic name entry element Quasars
9 (RLIN) 1096
700 ## - ADDED ENTRY--PERSONAL NAME
Personal name Valtaoja, Esko, ed.
9 (RLIN) 18172
700 ## - ADDED ENTRY--PERSONAL NAME
Personal name Valtonen, Mauri, Ed.
9 (RLIN) 18173
942 ## - ADDED ENTRY ELEMENTS (KOHA)
Koha item type Books
Holdings
Withdrawn status Lost status Damaged status Not for loan Home library Current library Shelving location Date acquired Cost, normal purchase price Total Checkouts Full call number Barcode Date last seen Cost, replacement price Price effective from Koha item type Purchase Price
        IIA Library-Bangalore IIA Library-Bangalore General Stacks 05/05/1993 2000.00   524.6-77(082.2)/ VAR 11563 05/11/2021 2000.00 05/05/1993 Books Rs. 2000.00

Powered by Koha